MARC details
| 000 -LEADER |
| fixed length control field |
01209nam a22002537a 4500 |
| 005 - DATE AND TIME OF LATEST TRANSACTION |
| control field |
20250829191955.0 |
| 008 - FIXED-LENGTH DATA ELEMENTS--GENERAL INFORMATION |
| fixed length control field |
240816b ||||| |||| 00| 0 eng d |
| 082 ## - DEWEY DECIMAL CLASSIFICATION NUMBER |
| Classification number |
DPer 155.205 J826 July-September 2020 v. 119 n. 1-3 |
| 100 ## - MAIN ENTRY--PERSONAL NAME |
| Personal name |
Hornsey, Matthew J. |
| Relator term |
author. |
| 9 (RLIN) |
58019 |
| 245 ## - TITLE STATEMENT |
| Title |
Embodied remorse : |
| Remainder of title |
physical displays of remorse increase positive responses to public apologies, but have negligible effects on forgiveness / |
| Statement of responsibility, etc. |
Matthew J. Hornsey, Emily A. Harris, Tyler G. Okimoto, Michael J.A. Wohl, Michael Thai, and Michael Wenzel. |
| 260 ## - PUBLICATION, DISTRIBUTION, ETC. (IMPRINT) |
| Place of publication, distribution, etc. |
Washington ; |
| Name of publisher, distributor, etc. |
American Psychological Association , |
| Date of publication, distribution, etc. |
August 2020. |
| 300 ## - PHYSICAL DESCRIPTION |
| Extent |
Volume 119, pages 367-389. |
| Dimensions |
27 cm. |
| 500 ## - GENERAL NOTE |
| General note |
Journal of Personality and Social Psychology , vol. 119, no. 2 , pages 367-389, August 2020. |
| 650 ## - SUBJECT ADDED ENTRY--TOPICAL TERM |
| Topical term or geographic name as entry element |
Attitude (Psychology). |
| 9 (RLIN) |
60836 |
| 650 ## - SUBJECT ADDED ENTRY--TOPICAL TERM |
| Topical term or geographic name as entry element |
Forgiveness. |
| 9 (RLIN) |
60835 |
| 650 ## - SUBJECT ADDED ENTRY--TOPICAL TERM |
| Topical term or geographic name as entry element |
Trust. |
| 9 (RLIN) |
60837 |
| 700 ## - ADDED ENTRY--PERSONAL NAME |
| Personal name |
Hornsey, Matthew J. |
| Relator term |
author. |
| 9 (RLIN) |
58019 |
| 700 ## - ADDED ENTRY--PERSONAL NAME |
| Personal name |
Harris, Emily A. |
| Relator term |
author. |
| 9 (RLIN) |
58020 |
| 700 ## - ADDED ENTRY--PERSONAL NAME |
| Personal name |
Okimoto, Tyler G. |
| Relator term |
author. |
| 9 (RLIN) |
39983 |
| 700 ## - ADDED ENTRY--PERSONAL NAME |
| Personal name |
A. Wohl, Michael J. |
| Relator term |
author. |
| 9 (RLIN) |
58021 |
| 700 ## - ADDED ENTRY--PERSONAL NAME |
| Personal name |
Thai, Michael. |
| Relator term |
author. |
| 9 (RLIN) |
58022 |
| 700 ## - ADDED ENTRY--PERSONAL NAME |
| Personal name |
Wenzel, Michael. |
| Relator term |
author. |
| 9 (RLIN) |
58023 |
| 942 ## - ADDED ENTRY ELEMENTS (KOHA) |
| Source of classification or shelving scheme |
Dewey Decimal Classification |
| Koha item type |
Periodicals |